000 00560nam a22002057a 4500
003 BD-DhSAU
005 20230218121604.0
008 221809b2020 bg | ||| |||| 001 0 ben d
020 _a0812107128
040 _aBD-DhSAU
082 _222
_a636.08964
_bM1421
100 _aMcdonald, L.E. ; D.V.M.
245 _aVeterinary Endocrinology and reproduction
260 _aLondon;
_bLEA Febiger .,
_c1980
300 _a560 P. ;
_c28 Cm.;
590 _aনাজমুল
650 _aVeterinary Endocrinology
651 _areproduction
942 _2ddc
_cBOOK
999 _c16646
_d16645